000 00535nam a22001817a 4500
003 CEME
005 20210628202319.0
008 210120b xxu||||| |||| 00| 0 eng d
020 _a0-07-283618-0
040 _cceme
082 _a005.2768 MER
100 _aMercer , Dave
_957966
245 _aProgramming the web using visual studio.net
260 _aNEW YORK
_bMCGRAW HILL
_c2003
300 _aXIII,466 P
650 _aWEB SITE DEVELOPMENT, MICROSOFT VISUAL STUDIO, MICROSOFT NET, INTERNET PROGRAMMING
_959298
942 _cBK
_2ddc
999 _c569315
_d569315